Hunger Games Character Match Quiz Stats

Quiz Updated Jan 24, 2016

Challenge
Share
Tweet
Score 0/28 Timer 03:00
1 Play Today
% Correct
Katniss
97.5%
Primrose
94.6%
Peeta
93.2%
Effie
85.8%
Finnick
83.3%
Gale
83.1%
Haymitch
79.9%
Caesar
74.5%
Seneca
74.4%
Plutarch
74.2%
Johanna
69.3%
Posy
63.3%
Coriolanus
62.9%
Hazelle
61.5%
% Correct
Rory
60.6%
Annie
59.5%
Alma
58.3%
Greasy
57.2%
Madge
54.6%
Mayor
52.7%
Vick
48.7%
Claudius
44.4%
Commander
36.8%
Delly
36.1%
Maysilee
30.4%
Romulus
27.2%
Dr.
26%
Fulvia
23.7%

You're not logged in!

Compare scores with friends on all Sporcle quizzes.
Sign Up with Email
OR
Log In

You Might Also Like...

Show Comments

Extras

Top Quizzes Today


Score Distribution

Your Account Isn't Verified!

In order to create a playlist on Sporcle, you need to verify the email address you used during registration. Go to your Sporcle Settings to finish the process.